000 01511nam0a2200361 4500
001 RU\NLR\BIBL_A\022101933
005 20260527081138.0
010 _a978-5-00165-648-7
035 _a(NLR Aleph) 022101933
090 _a13319027
_c13319027
100 _a20231222d2023 k y0rusy50 ca
101 0 _arus
102 _aRU
105 _aac z 000zy
181 0 _ai3
_baxxe
182 0 _an
200 1 _aКино. Потоки. "Здесь будут странствовать глаза..."
_fАлександр Люсый
_g[Независимый альянс]
203 _aТекст
_bвизуальный
_cнепосредственный
210 _aСанкт-Петербург
_cАлетейя
_d2023
215 _a246, [1] с.
_cил., портр.
_d22
320 _aБиблиогр. в подстроч. примеч.
333 _a16+
606 1 _aКиноискусство
_3RU\NLR\AUTH\661504505
686 1 _aЩ37
700 1 _aЛюсый
_bА. П.
_f1953-
_gАлександр Павлович
856 4 _lVNP_UCHZ
_tVIEW
_uhttps://webservices.nlr.ru/viewer/file?name=a022101933_002.txt
_yАннотация
856 4 _lVNP_UCHZ
_tVIEW
_uhttps://webservices.nlr.ru/viewer/file?name=p022101933_003.jpg
_x001
_yСтраница
856 4 1 _lVNP_UCHZ
_tVIEW
_uhttps://webservices.nlr.ru/viewer/file?name=t022101933_001.jpg
_yОбложка
942 _cBOOK
980 4 _aVNP_UCHZ
980 _aNB